LDR 00584naa#a2200169#i#450# 001 EN\\bibl\124889 005 20260604225426.4 011 ## _a2221-3260 100 ## _a20260331b2026####ek#y0engy0150####ca 102 ## _aRU 200 1# _aDeterminants of Small and Medium-Sized Enterprise Development in Russia: A Review of the Literature (Part 1) _eJournal article 210 1# _aYaroslavl _cYaroslavl State Technical University _d2026 215 ## _a9 с. 608 ## _aJournal article _2local 700 #1 _aShkiotov _gSergey Vladimirovich 700 #1 _aZagidullin _gDamir Maratovich 856 4# _atheoreticaleconomy.ru _u